It looks like you're offline.
Open Library logo
additional options menu

MARC Record from Scriblio

Record ID marc_records_scriblio_net/part01.dat:172903264:556
Source Scriblio
Download Link /show-records/marc_records_scriblio_net/part01.dat:172903264:556?format=raw

LEADER: 00556cam 22001811a 4500
001 06018953
003 DLC
005 20041201122946.0
008 770831s1892 nyu 000 1 eng
010 $a 06018953
035 $a(OCoLC)3231869
040 $aDLC$cMiDW$dMiDW$dPPiU$dDLC
050 00 $aPZ3.B799$bMr$aPR4174.B56
100 1 $aBroughton, Rhoda,$d1840-1920.
245 10 $aMrs. Bligh :$ba novel /$cby Rhoda Broughton.
260 $aNew York :$bD. Appleton and company,$c1892.
300 $a301 p. ;$c19 cm.
440 0 $aAppleton's town and country library ;$vno. 105